000 00386nam a2200133Ia 4500
003 GCL
008 140319s9999 xx 000 0 ara d
040 _aGCL /
_cGCL
082 0 4 _a502
_bت ت
245 1 0 _aتاريخ العلوم العام : العالم القديم والوسيط
260 _a[S.N] :
_bدار الراتب الجامعية ،
_c1988
300 _a709 ص
490 _a
999 _c59129
_d59129